00917cam a2200277 a 4500001000500000005001700005020001500022020001800037040002300055050002200078082001600100100001700116245008200133246003900215250004200254260003400296300004800330505000700378520012000385521001700505521001700522650002500539650002200564650002200586700003100608221420231110105342.0 a0152164456 a9780545004923 aDLCcDLCdDLCbeng00aPZ8.S577bWh 200400a823.9142211 aSierra, Judy10aWhat time is it, Mr. Crocodile? /cJudy Sierra ; illustrated by Doug Cushman.3 aWhat time is it, Mister Crocodile? aFirst Scholastic printing, April 2007 aNew York :bScholastic,c2004 a29 unnumbered pages :billustrationsc25 cm aH  aMr. Crocodile's plans to catch and eat some pesky monkeys do not work out and he becomes friends with them instead. a490 bLexile aH bRaz-Plus 1aCrocodilesvFiction. 1aMonkeysvFiction. 1aStories in rhyme.1 aCushman, Dougeillustrator